The last summer of us

Bibliographic Details
Main Author: Harcourt, Maggie
Format: Book
Published: London : Usborne Publishing Ltd , 2019
Subjects:

MARC

LEADER 00000cam a2200000 7i4500
001 0000242562
005 20200610194119.0
020 |a 9781474955447 
090 0 0 |a F   |b HAR 
100 1 |a Harcourt, Maggie 
245 1 4 |a The last summer of us   |c Maggie Harcourt 
260 |a London :   |b Usborne Publishing Ltd ,   |c 2019 
300 |a 295p. ;   |c 20cm. 
650 0 |a Fiction 
999 |a 00380854   |b BUKU   |c PINJAMAN   |e PERPUSTAKAAN KOMUNITI PETALING JAYA